[Event "PRVA LIGA CENTRALNE SRBIJE 2014"]
[Site "Kraljevo"]
[Date "2014.09.19"]
[Round "9.1"]
[White "Marjanovic, Slavoljub"]
[Black "Paunovic, Tomislav"]
[Result "1/2-1/2"]
[WhiteElo "2473"]
[BlackElo "2341"]
[PlyCount "48"]
[EventDate "2014.09.13"]

1. e4 c5 2. Ne2 d6 3. g3 Nc6 4. Bg2 g6 5. O-O Bg7 6. c3 e5 7. d3 Nge7 8. a3 a5
9. a4 Bg4 10. h3 Be6 11. Be3 O-O 12. Na3 Qd7 13. Kh2 f5 14. Nc4 Ra6 15. Qb3 Kh8
16. f4 exf4 17. gxf4 fxe4 18. dxe4 Nc8 19. Qa2 Nb6 20. Nxb6 Rxb6 21. Qb1 Bc4
22. Rf2 Bxc3 23. bxc3 Rxb1 24. Rxb1 Nd8 1/2-1/2

[Event "PRVA LIGA CENTRALNE SRBIJE 2014"]
[Site "Kraljevo"]
[Date "2014.09.19"]
[Round "9.1"]
[White "Manic, Jovica"]
[Black "Maksimovic, Branimir"]
[Result "1-0"]
[WhiteElo "2254"]
[BlackElo "2384"]
[PlyCount "90"]
[EventDate "2014.09.13"]

1. Nf3 d5 2. c4 e6 3. g3 dxc4 4. Qa4+ c6 5. Qxc4 b5 6. Qc2 Bb7 7. Bg2 Nf6 8. b3
c5 9. Nc3 a6 10. Bb2 Be7 11. O-O Nbd7 12. a4 Qb6 13. axb5 axb5 14. Rxa8+ Bxa8
15. d3 O-O 16. Ra1 Bc6 17. Nd2 Bxg2 18. Kxg2 Ng4 19. h3 Nge5 20. f4 Nc6 21. Nf3
Nf6 22. e4 Rd8 23. Rd1 Ne8 24. g4 Nc7 25. Rd2 Na6 26. Qd1 Nab4 27. Ne2 Qb7 28.
g5 Qd7 29. d4 c4 30. bxc4 bxc4 31. Qc1 Na5 32. Qc3 Bf8 33. Ng3 Nd3 34. Rxd3
cxd3 35. Qxa5 Rc8 36. Bc3 Qb7 37. Kf2 Bd6 38. Bd2 Ra8 39. Qc3 Ra2 40. Ke3 g6
41. e5 Bf8 42. Ne4 Qb1 43. Ne1 Rxd2 44. Qxd2 Bb4 45. Nc3 Kg7 1-0

[Event "PRVA LIGA CENTRALNE SRBIJE 2014"]
[Site "Kraljevo"]
[Date "2014.09.19"]
[Round "9.1"]
[White "Nikolic, Boban"]
[Black "Bojkovic, Slobodan"]
[Result "0-1"]
[WhiteElo "2242"]
[BlackElo "2216"]
[PlyCount "52"]
[EventDate "2014.09.13"]

1. c4 c5 2. Nf3 Nf6 3. g3 d5 4. Bg2 Nc6 5. cxd5 Nxd5 6. Nc3 Nc7 7. O-O e5 8.
Ne1 Bd7 9. Nd3 f6 10. Ne4 Ne6 11. f4 exf4 12. Nxf4 Be7 13. Nd5 O-O 14. e3 Rc8
15. b3 Nc7 16. Qh5 b6 17. Bb2 Be8 18. Nxe7+ Qxe7 19. Qg4 Bd7 20. Nxf6+ Rxf6 21.
Bxf6 Bxg4 22. Bxe7 Nxe7 23. Rf4 Bd7 24. Raf1 Ned5 25. Re4 Bb5 26. Rf5 Bd3 0-1

[Event "PRVA LIGA CENTRALNE SRBIJE 2014"]
[Site "Kraljevo"]
[Date "2014.09.19"]
[Round "9.1"]
[White "Pejcic, Milutin"]
[Black "Perunovic, Ljubivoje"]
[Result "1-0"]
[WhiteElo "2135"]
[BlackElo "1915"]
[PlyCount "57"]
[EventDate "2014.09.13"]

1. Nf3 d5 2. c4 d4 3. g3 Nc6 4. Bg2 e5 5. d3 Nf6 6. O-O Be7 7. a3 a5 8. e3 O-O
9. exd4 exd4 10. Re1 h6 11. b3 Bf5 12. Ne5 Nxe5 13. Rxe5 Bc8 14. Nd2 c6 15. Nf3
Bd6 16. Re1 c5 17. Ra2 Qc7 18. Rae2 Bg4 19. h3 Bh5 20. g4 Bg6 21. Ne5 Bxe5 22.
Rxe5 Nd7 23. Re7 f6 24. Bd5+ Kh7 25. h4 Rad8 26. h5 Be8 27. Qf3 Qb8 28. Qf5+
Kh8 29. Be4 1-0

[Event "PRVA LIGA CENTRALNE SRBIJE 2014"]
[Site "Kraljevo"]
[Date "2014.09.19"]
[Round "9.2"]
[White "Iordachescu, Viorel"]
[Black "Jovanovic, Dusan D"]
[Result "1/2-1/2"]
[WhiteElo "2603"]
[BlackElo "2401"]
[PlyCount "52"]
[EventDate "2014.09.13"]

1. e4 e5 2. Nf3 Nc6 3. Bb5 a6 4. Ba4 d6 5. O-O Bd7 6. d4 Nge7 7. Bb3 Nxd4 8.
Nxd4 exd4 9. Qxd4 Nc6 10. Qc3 Be6 11. Bd5 Qd7 12. a4 Be7 13. Qxg7 O-O-O 14. Ra3
h5 15. Qc3 Rhg8 16. f4 Rde8 17. Nd2 Bxd5 18. exd5 Qg4 19. g3 Nb8 20. Qf3 Bf6
21. Nc4 Re2 22. Qxg4+ hxg4 23. Rf2 Re1+ 24. Rf1 Re2 25. Rf2 Re1+ 26. Rf1 Re2
1/2-1/2

[Event "PRVA LIGA CENTRALNE SRBIJE 2014"]
[Site "Kraljevo"]
[Date "2014.09.19"]
[Round "9.2"]
[White "Stojanovic, Dobrisav"]
[Black "Milanovic, Danilo"]
[Result "0-1"]
[WhiteElo "2367"]
[BlackElo "2481"]
[PlyCount "60"]
[EventDate "2014.09.13"]

1. d4 Nf6 2. c4 c5 3. d5 b5 4. cxb5 a6 5. e3 Bb7 6. Nc3 Qa5 7. Bd2 axb5 8. Bxb5
Qb6 9. Bc4 e6 10. e4 Nxe4 11. Nf3 Nd6 12. b3 Be7 13. O-O O-O 14. Qc2 Na6 15.
Ng5 g6 16. Qd3 Qd8 17. f4 Nb4 18. Qh3 Bxg5 19. fxg5 exd5 20. Bf4 Ne8 21. a3
dxc4 22. axb4 Rxa1 23. Rxa1 cxb4 24. Na4 Bc6 25. bxc4 Qa5 26. Qb3 Ng7 27. Bd2
Ra8 28. Bxb4 Bxa4 29. Qf3 Qa7+ 30. Kh1 Bc6 0-1

[Event "PRVA LIGA CENTRALNE SRBIJE 2014"]
[Site "Kraljevo"]
[Date "2014.09.19"]
[Round "9.2"]
[White "Kostic, Vladimir G"]
[Black "Panic, Nenad"]
[Result "1-0"]
[WhiteElo "2399"]
[BlackElo "2346"]
[PlyCount "125"]
[EventDate "2014.09.13"]

1. e4 c5 2. Nf3 e6 3. d4 cxd4 4. Nxd4 a6 5. Bd3 Nc6 6. Nxc6 dxc6 7. O-O Bd6 8.
Nd2 b5 9. Qe2 Qc7 10. h3 Nf6 11. Nf3 e5 12. a4 Rb8 13. axb5 axb5 14. Nh4 O-O
15. Qf3 c5 16. Nf5 Bxf5 17. Qxf5 c4 18. Be2 Bc5 19. Bg5 Rb6 20. Qf3 Qb7 21. Be3
Nxe4 22. Bxc5 Nxc5 23. Qe3 Qc7 24. Rfd1 Ne6 25. Rd5 Nd4 26. Bd1 f6 27. c3 Qb7
28. Qe4 Rd6 29. Rxd4 Qxe4 30. Rxe4 Rfd8 31. Re1 Rd2 32. b3 Rb2 33. bxc4 bxc4
34. Be2 Rdd2 35. Bxc4+ Kf8 36. Ra8+ Ke7 37. Ra7+ Kd6 38. Rxg7 Rxf2 39. Rd1+ Kc5
40. Bf1 h5 41. c4 e4 42. Rd5+ Kc6 43. Re7 Rf4 44. Re6+ Kc7 45. Rd1 Rc2 46. Re1
f5 47. Be2 h4 48. Rf1 Rxf1+ 49. Kxf1 Kd7 50. Re5 Kd6 51. Rxf5 e3 52. Rd5+ Kc7
53. Rd3 Rc1+ 54. Bd1 Rxc4 55. Rxe3 Kd6 56. Bg4 Rc2 57. Bf3 Rc8 58. Re4 Rh8 59.
Kf2 Rh6 60. Ke3 Kc5 61. Kf4 Kd5 62. Kg5 Rd6 63. Kxh4 1-0

[Event "PRVA LIGA CENTRALNE SRBIJE 2014"]
[Site "Kraljevo"]
[Date "2014.09.19"]
[Round "9.2"]
[White "Ilic, Dragan M"]
[Black "Bozic, Milan"]
[Result "1-0"]
[WhiteElo "2365"]
[BlackElo "2412"]
[PlyCount "69"]
[EventDate "2014.09.13"]

1. d4 d6 2. e4 e5 3. Nf3 exd4 4. Nxd4 Nf6 5. f3 g6 6. Bc4 Nc6 7. Be3 Bg7 8. Nc3
Nd7 9. Be2 Nc5 10. O-O Ne6 11. Nb3 O-O 12. Qd2 a5 13. a4 Nc5 14. Nxc5 dxc5 15.
Rad1 Nd4 16. Nb5 Nxe2+ 17. Qxe2 Qe7 18. Qf2 b6 19. Bf4 Be5 20. Qg3 f6 21. Bxe5
fxe5 22. Rd2 Rf4 23. Rfd1 Be6 24. Nc3 Bc4 25. Rd7 Qf6 26. Rxc7 Rd8 27. Qh3
Rxd1+ 28. Nxd1 Bf7 29. Ne3 h5 30. Qc8+ Kg7 31. Nd5 Qg5 32. Nxf4 Qxf4 33. Qd7 h4
34. Kf2 Kh6 35. g3 1-0

[Event "PRVA LIGA CENTRALNE SRBIJE 2014"]
[Site "Kraljevo"]
[Date "2014.09.19"]
[Round "9.2"]
[White "Popovic, Nenad"]
[Black "Peric, Slavisa"]
[Result "1-0"]
[WhiteElo "2263"]
[BlackElo "2180"]
[PlyCount "81"]
[EventDate "2014.09.13"]

1. d4 d5 2. Nf3 c6 3. e3 Bf5 4. Bd3 Bxd3 5. Qxd3 Nd7 6. b3 e6 7. Bb2 Qa5+ 8.
Nbd2 Ba3 9. Bc3 Bb4 10. Bxb4 Qxb4 11. a3 Qd6 12. c4 a5 13. e4 dxe4 14. Nxe4 Qe7
15. c5 Ndf6 16. Nd6+ Kf8 17. Ne5 Nh6 18. O-O Ne8 19. Ndc4 f6 20. Nf3 Nf7 21.
Qc3 Nc7 22. Nxa5 Nd5 23. Qd2 g5 24. Rfe1 Qc7 25. b4 Re8 26. a4 h5 27. g3 h4 28.
b5 cxb5 29. axb5 Kg7 30. b6 Qd7 31. Nc4 g4 32. Nxh4 Ng5 33. f4 gxf3 34. Kh1 Rh5
35. Nd6 Reh8 36. Ra7 Qc6 37. Rxb7+ Kg8 38. Qa2 Nc7 39. d5 Qxd5 40. Qxd5 Nxd5
41. Ra1 1-0

[Event "PRVA LIGA CENTRALNE SRBIJE 2014"]
[Site "Kraljevo"]
[Date "2014.09.19"]
[Round "9.3"]
[White "Arandjelovic, Aleksandar Z"]
[Black "Parligras, Mircea-Emilian"]
[Result "0-1"]
[WhiteElo "2068"]
[BlackElo "2578"]
[PlyCount "84"]
[EventDate "2014.09.13"]

1. e4 c5 2. Nf3 d6 3. d4 cxd4 4. Nxd4 Nf6 5. Nc3 a6 6. g3 e5 7. Nde2 Be7 8. a4
b6 9. Bg2 Bb7 10. h3 b5 11. axb5 axb5 12. Rxa8 Bxa8 13. O-O b4 14. Nd5 Nxd5 15.
exd5 O-O 16. g4 Nd7 17. Bd2 Qa5 18. Ng3 Rc8 19. Nf5 Bf8 20. Qa1 Qb5 21. c4 bxc3
22. Bxc3 Bxd5 23. Qa5 Qxa5 24. Bxa5 Bxg2 25. Kxg2 d5 26. Rd1 d4 27. Kf3 f6 28.
h4 Kf7 29. b4 Rc3+ 30. Ke2 g6 31. Ng3 Rb3 32. Rd3 Rb1 33. Kd2 Rb2+ 34. Kc1 Rxf2
35. b5 Nc5 36. Ra3 e4 37. Kd1 Rb2 38. Bb6 e3 39. Bxc5 Bxc5 40. Rd3 Ke6 41. Ne2
Kd5 42. b6 Kc4 0-1

[Event "PRVA LIGA CENTRALNE SRBIJE 2014"]
[Site "Kraljevo"]
[Date "2014.09.19"]
[Round "9.3"]
[White "Perunovic, Miodrag"]
[Black "Petrovic, Tamara"]
[Result "1-0"]
[WhiteElo "2415"]
[BlackElo "1691"]
[PlyCount "93"]
[EventDate "2014.09.13"]

1. e4 c5 2. Nf3 d6 3. d4 cxd4 4. Nxd4 Nf6 5. Nc3 a6 6. Be2 e6 7. Be3 Be7 8. Qd2
Qc7 9. O-O-O b5 10. a3 Bb7 11. f3 Nbd7 12. Ndxb5 axb5 13. Nxb5 Qc8 14. Nxd6+
Bxd6 15. Qxd6 Ba6 16. Rhe1 Bxe2 17. Rxe2 Ra6 18. Qb4 Rc6 19. Red2 Rc4 20. Qb5
O-O 21. g4 Nb8 22. Bd4 Nfd7 23. Kb1 Qc7 24. b3 Rc6 25. Bb2 Rc8 26. Qd3 h6 27.
h4 e5 28. g5 h5 29. c4 Rb6 30. Qc3 Nc5 31. b4 Na4 32. Qxe5 Nxb2 33. Qxc7 Rxc7
34. Kxb2 Rxc4 35. Rc2 Rxc2+ 36. Kxc2 Nc6 37. f4 Nxb4+ 38. axb4 Rxb4 39. Rd8+
Kh7 40. Kd3 Rb1 41. Rf8 Rb7 42. f5 Rd7+ 43. Ke3 Rb7 44. Rxf7 Rxf7 45. g6+ Kg8
46. gxf7+ Kxf7 47. e5 1-0

[Event "PRVA LIGA CENTRALNE SRBIJE 2014"]
[Site "Kraljevo"]
[Date "2014.09.19"]
[Round "9.3"]
[White "Petrovic, Tijana"]
[Black "Radovanovic, Dusan"]
[Result "0-1"]
[WhiteElo "1740"]
[BlackElo "2394"]
[PlyCount "70"]
[EventDate "2014.09.13"]

1. Nf3 Nf6 2. c4 e6 3. d4 b6 4. Nc3 Bb4 5. Bg5 Bb7 6. e3 Bxc3+ 7. bxc3 h6 8.
Bh4 d6 9. Be2 Nbd7 10. O-O g5 11. Bg3 Ne4 12. Qc2 Qe7 13. Nd2 Nxd2 14. Qxd2 h5
15. f3 h4 16. Bf2 h3 17. g3 g4 18. e4 O-O-O 19. Qf4 gxf3 20. Bxf3 Kb8 21. a4 a5
22. Rab1 e5 23. Qe3 Rhg8 24. Qe2 Rde8 25. Rfe1 Ba6 26. Qf1 Qe6 27. Be2 exd4 28.
cxd4 Qxe4 29. Qxh3 Bb7 30. d5 Ne5 31. Qg2 Nxc4 32. Bf3 Qd3 33. Red1 Nd2 34. Bh5
Bxd5 35. Qh3 Qe4 0-1

[Event "PRVA LIGA CENTRALNE SRBIJE 2014"]
[Site "Kraljevo"]
[Date "2014.09.19"]
[Round "9.3"]
[White "Marcetic, Nikola"]
[Black "Djokic, Nebojsa"]
[Result "1-0"]
[WhiteElo "2389"]
[BlackElo "2180"]
[PlyCount "89"]
[EventDate "2014.09.13"]

1. d4 g6 2. Nf3 Nf6 3. g3 Bg7 4. Bg2 O-O 5. O-O d6 6. b3 c5 7. Bb2 Nfd7 8. c4
Nc6 9. Qd2 cxd4 10. Nxd4 Nxd4 11. Bxd4 Bxd4 12. Qxd4 Qb6 13. Qh4 Nf6 14. Nc3
Re8 15. Rfd1 Bd7 16. Rd4 Bc6 17. e3 Qa5 18. Nd5 Bxd5 19. Bxd5 Nxd5 20. Rxd5 Qc3
21. Rad1 Kg7 22. Kg2 Rac8 23. Rb5 b6 24. Qe4 Qf6 25. Qb7 Ra8 26. Rd4 Reb8 27.
Qd5 Qe6 28. Qf3 Rc8 29. Re4 Qf6 30. Rf4 Qe6 31. Rd5 Rab8 32. h4 h6 33. h5 g5
34. Rff5 Rc5 35. e4 Rf8 36. e5 dxe5 37. Qe4 f6 38. g4 Rxd5 39. cxd5 Qd7 40. Rf3
Rh8 41. Kg3 Qd6 42. Rc3 f5 43. gxf5 Rf8 44. Rc6 Qd8 45. Rg6+ 1-0

[Event "PRVA LIGA CENTRALNE SRBIJE 2014"]
[Site "Kraljevo"]
[Date "2014.09.19"]
[Round "9.3"]
[White "Djukic, Slobodan D"]
[Black "Zivkovic, Ivan B"]
[Result "0-1"]
[WhiteElo "2195"]
[BlackElo "2325"]
[PlyCount "100"]
[EventDate "2014.09.13"]

1. e4 c5 2. Nf3 g6 3. d4 cxd4 4. Nxd4 Nc6 5. Be3 Nf6 6. Nc3 Bg7 7. Bc4 Qa5 8.
O-O O-O 9. Bb3 d6 10. h3 Bd7 11. f4 Rac8 12. Nxc6 Bxc6 13. Qd3 Rfe8 14. Rae1
Nd7 15. Qc4 Rf8 16. Bd2 b5 17. Qe2 b4 18. Nd5 Bxd5 19. exd5 Bf6 20. f5 Nc5 21.
Bh6 Nxb3 22. cxb3 Rfe8 23. Qd3 Qxa2 24. Re2 Qa5 25. Kh1 Qb6 26. Re4 Bg7 27. Bg5
Be5 28. Rh4 Rc5 29. fxg6 hxg6 30. Rxf7 Kxf7 31. Rh7+ Bg7 32. Bh6 Rg8 33. Qe4
Ke8 34. Bg5 Rc7 35. Be3 Qa6 36. Qxg6+ Kd8 37. Rxg7 Qf1+ 38. Kh2 Rxg7 39. Qxg7
Rc2 40. Qg8+ Kc7 41. Qg5 Qf6 42. Qxf6 exf6 43. Bd4 f5 44. h4 Rd2 45. Bf6 Rxd5
46. Kg3 Kd7 47. Kf4 Ke6 48. Bh8 Rd1 49. Bg7 Rf1+ 50. Ke3 f4+ 0-1

[Event "PRVA LIGA CENTRALNE SRBIJE 2014"]
[Site "Kraljevo"]
[Date "2014.09.19"]
[Round "9.3"]
[White "Vuckovic, Branko"]
[Black "Madjar, Stanislav"]
[Result "1/2-1/2"]
[WhiteElo "2270"]
[BlackElo "2162"]
[PlyCount "103"]
[EventDate "2014.09.13"]

1. e4 Nf6 2. Nc3 d5 3. exd5 Nxd5 4. d4 c6 5. Nf3 g6 6. Ne4 Bg7 7. Be2 Nd7 8.
Bg5 N7f6 9. Ng3 Qc7 10. Qc1 Bg4 11. O-O Nh5 12. Nxh5 Bxh5 13. Re1 O-O 14. c3
Rfe8 15. h3 Bxf3 16. Bxf3 a5 17. Qd2 a4 18. Rad1 b5 19. b3 axb3 20. axb3 e6 21.
c4 bxc4 22. bxc4 Nb6 23. Bf4 Qd7 24. Qb4 Ra6 25. Be3 Bf8 26. Qb3 Qc7 27. Rb1
Rb8 28. Qc2 Rba8 29. Rec1 Ba3 30. Rd1 Bf8 31. Rdc1 Ba3 32. Rd1 Bf8 33. Rb2 Ra4
34. Be2 Nd7 35. Bf3 Nb6 36. Be2 Nd7 37. Rdb1 h5 38. Qe4 Ra1 39. Bf3 Rxb1+ 40.
Qxb1 Ra4 41. Rb7 Qc8 42. c5 Bg7 43. Rb4 Rxb4 44. Qxb4 Nf6 45. Qa4 Nd5 46. Qa7
Bf6 47. Be2 Kg7 48. Ba6 Qe8 49. Bb7 Qd7 50. Qb8 Ne7 51. Ba8 g5 52. h4 1/2-1/2

[Event "PRVA LIGA CENTRALNE SRBIJE 2014"]
[Site "Kraljevo"]
[Date "2014.09.19"]
[Round "9.4"]
[White "Milanovic, Slavisa"]
[Black "Stojanovski, Dejan"]
[Result "1/2-1/2"]
[WhiteElo "2418"]
[BlackElo "2442"]
[PlyCount "20"]
[EventDate "2014.09.13"]

1. d4 Nf6 2. c4 e6 3. Nc3 Bb4 4. g3 d5 5. Bg2 O-O 6. Nf3 c6 7. Qb3 a5 8. O-O
Nbd7 9. Rd1 Bd6 10. Bf4 Bxf4 1/2-1/2

[Event "PRVA LIGA CENTRALNE SRBIJE 2014"]
[Site "Kraljevo"]
[Date "2014.09.19"]
[Round "9.4"]
[White "Djukic, Zeljko"]
[Black "Lapcevic, Milos"]
[Result "1/2-1/2"]
[WhiteElo "2367"]
[BlackElo "2377"]
[PlyCount "20"]
[EventDate "2014.09.13"]

1. d4 Nf6 2. c4 g6 3. Nc3 d5 4. cxd5 Nxd5 5. e4 Nxc3 6. bxc3 Bg7 7. Be3 c5 8.
Qd2 O-O 9. Bc4 Nc6 10. Ne2 Na5 1/2-1/2

[Event "PRVA LIGA CENTRALNE SRBIJE 2014"]
[Site "Kraljevo"]
[Date "2014.09.19"]
[Round "9.5"]
[White "Zlatanovic, Boroljub"]
[Black "Atalik, Suat"]
[Result "1/2-1/2"]
[WhiteElo "2402"]
[BlackElo "2549"]
[PlyCount "85"]
[EventDate "2014.09.13"]

1. Nc3 d5 2. e4 dxe4 3. Nxe4 Bf5 4. Ng3 Bg6 5. Nf3 Nd7 6. d4 e6 7. Bc4 Ngf6 8.
O-O Bd6 9. Qe2 O-O 10. Ne5 Nb6 11. Bb3 a5 12. a4 c6 13. h4 Qc7 14. Bg5 Nbd5 15.
h5 Bf5 16. h6 gxh6 17. Bxh6 Rfe8 18. Nxf5 exf5 19. Rae1 Ng4 20. Qd2 Nxe5 21.
dxe5 Bxe5 22. Bxd5 cxd5 23. Qxd5 Re6 24. Bc1 Rae8 25. Re3 f4 26. Rf3 Rd8 27.
Qb5 Rd4 28. c3 Re4 29. Qd5 Rxa4 30. Rh3 Rc4 31. Re1 Rc5 32. Qd3 Rg6 33. Rh5 h6
34. Qf3 a4 35. Bxf4 Bxf4 36. Rxc5 Bh2+ 37. Kh1 Qxc5 38. Kxh2 b5 39. Re8+ Kg7
40. Qa8 Qh5+ 41. Kg1 Qd1+ 42. Kh2 Qh5+ 43. Kg1 1/2-1/2

[Event "PRVA LIGA CENTRALNE SRBIJE 2014"]
[Site "Kraljevo"]
[Date "2014.09.19"]
[Round "9.5"]
[White "Nenezic, Marko"]
[Black "Pavlovic, Goran"]
[Result "1-0"]
[WhiteElo "2424"]
[BlackElo "2389"]
[PlyCount "97"]
[EventDate "2014.09.13"]

1. d4 d5 2. c4 e6 3. Nc3 Be7 4. cxd5 exd5 5. Bf4 c6 6. e3 Bf5 7. g4 Be6 8. h3
h5 9. gxh5 Nf6 10. h6 g6 11. Bd3 Nh5 12. Be5 Rxh6 13. Qc2 Nd7 14. Bh2 Ng7 15.
O-O-O Nb6 16. Nf3 Nf5 17. Bf4 Rh5 18. Ne2 Nc4 19. Ne5 Nxe5 20. Bxe5 Bd6 21. Nf4
Rh6 22. Nxe6 fxe6 23. Bxd6 Qxd6 24. Qa4 a5 25. Kb1 Qb4 26. Qc2 O-O-O 27. Be2
Kb8 28. Rd3 Kc7 29. a3 Qd6 30. Qa4 Ra8 31. Rc3 Kd7 32. Rc5 e5 33. Bg4 exd4 34.
Qxd4 Qe6 35. Qf4 Re8 36. Qxh6 Kd6 37. Rc2 Nxh6 38. Bxe6 Rxe6 39. Rg1 Nf5 40.
Rg4 c5 41. Rc1 b5 42. Rcg1 Ne7 43. b3 Rf6 44. R1g2 Ke5 45. Kc2 b4 46. a4 Rf3
47. R4g3 Ke4 48. Kd2 c4 49. Rg4+ 1-0

[Event "PRVA LIGA CENTRALNE SRBIJE 2014"]
[Site "Kraljevo"]
[Date "2014.09.19"]
[Round "9.5"]
[White "Radovic, Luka"]
[Black "Djokic, Nenad"]
[Result "0-1"]
[WhiteElo "2210"]
[BlackElo "2329"]
[PlyCount "66"]
[EventDate "2014.09.13"]

1. Nf3 c5 2. c4 Nf6 3. g3 b6 4. Bg2 Bb7 5. O-O e6 6. Nc3 a6 7. d4 cxd4 8. Qxd4
d6 9. Rd1 Nbd7 10. b3 Qc7 11. Ba3 Nc5 12. Rac1 Be7 13. b4 Ncd7 14. Nd2 Bxg2 15.
Kxg2 O-O 16. Nde4 Ne8 17. b5 Nc5 18. Bb2 axb5 19. cxb5 Qb7 20. Kg1 d5 21. Nd2
Bf6 22. Qg4 Nd6 23. Ba1 d4 24. Nf3 Nf5 25. Nb1 Rxa2 26. Nbd2 Rd8 27. e3 Rxa1
28. Rxa1 dxe3 29. Nc4 exf2+ 30. Kxf2 Nd3+ 31. Kg1 h5 32. Qxh5 Qe4 33. Ra4 g6
0-1

[Event "PRVA LIGA CENTRALNE SRBIJE 2014"]
[Site "Kraljevo"]
[Date "2014.09.19"]
[Round "9.5"]
[White "Simonovic, Aleksandar"]
[Black "Radovic, Janko"]
[Result "1/2-1/2"]
[WhiteElo "2364"]
[BlackElo "2125"]
[PlyCount "66"]
[EventDate "2014.09.13"]

1. d4 Nf6 2. Nf3 g6 3. Bg5 Ne4 4. Bh4 Bg7 5. Nbd2 d5 6. e3 c5 7. c3 cxd4 8.
cxd4 Nd6 9. Qb3 Nc6 10. Qxd5 Be6 11. Qc5 Rc8 12. Bb5 O-O 13. Bxc6 Rxc6 14. Qa3
Ra6 15. Qd3 Bd7 16. b3 Bb5 17. Qb1 Nf5 18. a4 Nxh4 19. axb5 Nxf3+ 20. Nxf3 Rb6
21. O-O Rxb5 22. Rxa7 Qd5 23. Ra3 Rc8 24. h3 e6 25. Rc1 Rxc1+ 26. Qxc1 Bf8 27.
Qc8 Rxb3 28. Rxb3 Qxb3 29. Ne5 Qb1+ 30. Kh2 Qb4 31. f4 Kg7 32. Qc7 Qe7 33. Qb6
Qb4 1/2-1/2

[Event "PRVA LIGA CENTRALNE SRBIJE 2014"]
[Site "Kraljevo"]
[Date "2014.09.19"]
[Round "9.6"]
[White "Pancevski, Filip"]
[Black "Stankovic, Milos"]
[Result "1/2-1/2"]
[WhiteElo "2469"]
[BlackElo "2415"]
[PlyCount "32"]
[EventDate "2014.09.13"]

1. e4 e6 2. Qe2 c5 3. Nf3 b6 4. g3 Bb7 5. Bg2 Be7 6. O-O d6 7. d4 cxd4 8. Nxd4
Nd7 9. Rd1 a6 10. c4 Qc7 11. Nc3 Ngf6 12. Be3 O-O 13. Rac1 Rac8 14. b3 Rfe8 15.
f4 Qb8 16. Bf2 Bf8 1/2-1/2

[Event "PRVA LIGA CENTRALNE SRBIJE 2014"]
[Site "Kraljevo"]
[Date "2014.09.19"]
[Round "9.6"]
[White "Nestorovic, Dejan"]
[Black "Dezelin, Milan"]
[Result "1/2-1/2"]
[WhiteElo "2425"]
[BlackElo "2261"]
[PlyCount "52"]
[EventDate "2014.09.13"]

1. d4 Nf6 2. c4 e6 3. Nc3 Bb4 4. Qc2 O-O 5. a3 Bxc3+ 6. Qxc3 b5 7. cxb5 c6 8.
a4 Bb7 9. Nf3 cxb5 10. axb5 Qb6 11. e3 Rc8 12. Qb3 a6 13. Bd2 Ne4 14. Bd3 Bd5
15. Qb4 Nxd2 16. Kxd2 Nc6 17. Qa3 axb5 18. Qxa8 Rxa8 19. Rxa8+ Nd8 20. Ra3 f6
21. Rc1 Kf7 22. Ke2 Bc6 23. Nd2 Qb8 24. g3 Nb7 25. Ne4 Ke7 26. h3 f5 1/2-1/2

[Event "PRVA LIGA CENTRALNE SRBIJE 2014"]
[Site "Kraljevo"]
[Date "2014.09.19"]
[Round "9.6"]
[White "Zajic, Milan"]
[Black "Markovic, Zoran S"]
[Result "1/2-1/2"]
[WhiteElo "2426"]
[BlackElo "2358"]
[PlyCount "46"]
[EventDate "2014.09.13"]

1. e4 c5 2. Nf3 Nc6 3. d4 cxd4 4. Nxd4 Nf6 5. Nc3 e5 6. Ndb5 d6 7. Bg5 a6 8.
Na3 b5 9. Nd5 Be7 10. Bxf6 Bxf6 11. c4 b4 12. Nc2 a5 13. Qf3 Be7 14. g3 O-O 15.
h4 Be6 16. Bh3 Rb8 17. b3 Qd7 18. Bf5 Bd8 19. Rd1 Qa7 20. Nde3 Qe7 21. O-O Bb6
22. Kg2 Nd4 23. Nxd4 Bxd4 1/2-1/2

[Event "PRVA LIGA CENTRALNE SRBIJE 2014"]
[Site "Kraljevo"]
[Date "2014.09.19"]
[Round "9.6"]
[White "Cvetanovic, Uros"]
[Black "Dudukovic, Nikola"]
[Result "1/2-1/2"]
[WhiteElo "2323"]
[BlackElo "2341"]
[PlyCount "38"]
[EventDate "2014.09.13"]

1. e4 e5 2. Nf3 Nc6 3. d4 exd4 4. Bc4 Nf6 5. O-O Nxe4 6. Re1 d5 7. Bxd5 Qxd5 8.
Nc3 Qh5 9. Nxe4 Be6 10. Bg5 Bd6 11. Nxd6+ cxd6 12. Bf4 Qd5 13. c3 Rc8 14. Nxd4
Nxd4 15. Qxd4 Qxd4 16. cxd4 Kd7 17. Rec1 Rxc1+ 18. Rxc1 Bxa2 19. Ra1 Bd5
1/2-1/2

[Event "PRVA LIGA CENTRALNE SRBIJE 2014"]
[Site "Kraljevo"]
[Date "2014.09.19"]
[Round "9.6"]
[White "Organdziev, Oliver"]
[Black "Brankovic, Dejan"]
[Result "1-0"]
[WhiteElo "2302"]
[BlackElo "2345"]
[PlyCount "65"]
[EventDate "2014.09.13"]

1. e4 c6 2. d4 d6 3. Nf3 g6 4. h3 Bg7 5. Be3 Nf6 6. Nbd2 O-O 7. Be2 Nbd7 8. O-O
e5 9. dxe5 dxe5 10. b4 Qe7 11. c3 b6 12. Qa4 c5 13. a3 Bb7 14. Bd3 Rfc8 15. Ba6
Bxa6 16. Qxa6 c4 17. a4 Qe6 18. a5 Rab8 19. axb6 axb6 20. Qb5 Rc7 21. Ra6 h6
22. Rfa1 Qc6 23. Qxc6 Rxc6 24. Ra8 Rcc8 25. Rxb8 Rxb8 26. b5 Bf8 27. Ra7 Rc8
28. Ra4 Nxe4 29. Nxe4 f5 30. Ned2 f4 31. Ne4 fxe3 32. Ra7 exf2+ 33. Kf1 1-0